Towards a global strategy of development

में बचाया:
ग्रंथसूची विवरण
निगमित लेखक: United Nations Conference on Trade and Development
स्वरूप: पुस्तक
भाषा:Undetermined
प्रकाशित: New York United Nations 1968
विषय:
टैग : टैग जोड़ें
कोई टैग नहीं, इस रिकॉर्ड को टैग करने वाले पहले व्यक्ति बनें!
Thư viện lưu trữ: Trung tâm Học liệu Trường Đại học Cần Thơ
LEADER 00602nam a2200193Ia 4500
001 CTU_99287
008 210402s9999 xx 000 0 und d
082 |a 338.91 
082 |b U58 
110 |a United Nations Conference on Trade and Development 
245 0 |a Towards a global strategy of development 
245 0 |c United Nations Conference on Trade and Development 
260 |a New York 
260 |b United Nations 
260 |c 1968 
650 |a International economic relations 
904 |i Giang 
910 |a Sửa thành U58 
980 |a Trung tâm Học liệu Trường Đại học Cần Thơ